000 00452nam a2200181Ia 4500
005 20240823043655.0
008 240823s9999||||xx |||||||||||||| ||und||
041 _aENGLISH
082 _A005.73 P4
100 _aSelva Kumar R K
245 0 _aData structures and Algorithm
250 _a1st
260 _c2004
_bN . V Publica
500 _aTRANSFERED
650 _aData Structure
_bComputer Science
700 _a Edwin Dayanand I
942 _cBK
999 _c210774
_d210774